Major Dictionaries - Statistics

General Stats
  • This quiz has been taken 17 times
  • The average score is 9 of 12
Answer Stats
Dictionary Language % Correct
Lisān al-ʿArab Arabic
100%
Van Dale Groot woordenboek van de Nederlandse taal Dutch
100%
Oxford Dictionary of English English
100%
Petit Larousse French
100%
Diccionario de la Real Academia Española Spanish
100%
Xinhua Zidian Chinese
80%
Slovar' russkogo jazika Russian
80%
Kōjien Japanese
67%
Slovník spisovného jazyka českého Czech
60%
Duden German
60%
Dicionário Houaiss Portuguese
60%
Loghat-nameh-ye Dehkhoda Persian
20%
No matching quizzes found
Score Distribution
Percent of People with Each Score
Percentile by Number Answered
Your Score History
You have not taken this quiz